BBL Teams nach Logo - Statistiken

Allgemein
  • Dieses Quiz wurde 79 mal gespielt
  • Das Durchschnittsergebnis liegt bei 16 aus 17
Antwortstatistiken
Bildquiz Antwort % Korrekt
Bamberg
100%
Berlin
98%
Braunschweig
98%
Chemnitz
98%
Göttingen
98%
Heidelberg
98%
Ludwigsburg
98%
München
98%
Oldenburg
98%
Würzburg
98%
Bonn
92%
Hamburg
92%
Ulm
92%
Vechta
88%
Frankfurt
85%
Rostock
80%
Weißenfels
40%
Keine übereinstimmenden Quizze gefunden
Verteilung der Resultate
Anzahl Personen mit jedem Resultat
Perzentil nach korrekt beantworteten Fragen
Ihre Resultats-Entwicklung
Sie haben dieses Quiz noch nicht gespielt